00620nam a22002057a 450000500170000001000130001702000220003003500130005203700160006504000120008108200150009310000160010824501000012426000580022427000420028230000250032465000220034965000260037170000170039720170124110157.0 aB-157474 c00.00a0070583528 aB-157474 bCen Lib/Ret aDPLbEN a005.3bREN aRenu Rajani aSoftware testing :cby Renu Rajani [and] Pradeep Oakbeffective methods, tools and techniques / aNew DelhibTata mcgraw hill publishing company c2006 bNew Delhia7 west patel nagare110008 axxi,311p.c23cm(pbk) aComputer science  aSoftware development  aOak, Pradeep